000 00363 a2200157 4500
001 74385
020 _a8573001119
040 _cAnchieta - Colégio São Paulo
100 _aSampaio, Antônio Alencar
240 1 0 _aA lenda da tartaruga
_lpor
245 1 0 _aA lenda da tartaruga
300 _a36
362 0 _a2010
650 4 _aLiteratura infantil
942 _cBK
999 _c74385
_d74385